Drużyny top 30 HLTV na dzień 17.12.2024 - Statystyki

Ogólne statystyki
  • Ten quiz został rozwiązany 27 razy
    9 od ostatniego zresetowania
  • Średni wynik to 24 z 30
Statystyki odpowiedzi
Hint Nation Odpowiedź % Poprawnych
16 Francja 3DMAX
100%
11 Dania Astralis
100%
12 Turcja Eternal Fire
100%
5 Europa FAZE
100%
10 Brazylia FURIA
100%
1 Europa G2
100%
9 Inne Liquid
100%
6 Europa MOUZ
100%
3 Europa NAVI
100%
2 Rosja Spirit
100%
7 Mongolia TheMongolz
100%
4 Europa Vitality
100%
19 Niemcy BIG
88%
22 Australia FlyQuest
88%
8 Europa Heroic
88%
13 Brazylia MIBR
88%
24 Brazylia Imperial
75%
14 Brazylia paiN
75%
20 Portugalia SAW
75%
15 Rosja Virtus.pro
75%
26 Ukraina B8
63%
17 Europa Complexity
63%
28 Europa Fnatic
63%
29 Rosja BetBoom
50%
27 Rosja Cloud9
50%
18 Europa GamerLegion
50%
25 Ukraina Passion UA
50%
21 Inne Wildcard
50%
30 Ameryka Południowa 9z
38%
23 USA M80
38%
Nie znaleziono quizów pasujących do podanych kryteriów
Rozkład punktacji
Procent ludzi z każdym wynikiem
Percentyl według liczby udzielonych odpowiedzi
Twoja historia wyników
Nie rozwiązałeś tego quizu od ostatniego zresetowania